000 00665cam a2200253 a 4500
020 _a0824772474
020 _a9780824772475
040 _cDLC
082 0 0 _a618 DEK 1985 C159 Or.
100 1 _aSchardein, James L.
245 1 0 _aChemically induced birth defects /
260 _aNew York, N.Y. :
_bM. Dekker,
_cc1985.
300 _axiv, 879 p. :
_bill. ;
_c26 cm.
490 1 _aDrug and chemical toxicology ;
650 0 _aFetus
650 0 _aFetus
650 0 _aAbnormalities, Human
650 0 _aDrugs
650 0 _aToxicology.
650 0 _aTeratogenic agents.
650 2 _aAbnormalities, Drug-Induced.
650 2 _aTeratogens.
942 _cAEDBB
999 _c19047
_d19047